• 首页
  • 本馆介绍
  • 公告通知
  • 最新文献
  • 馆藏检索
  • 电子资源
  • 读者荐购
  • 参考咨询
  • CALIS
  • 我的图书馆
  • 登录
  • 详细信息显示
  • 放入我的书架
  • 预约/预借图书
  • 作者相关作品
  • 分类相关作品
  • 丛书相关作品
  • 出版社相关作品

书目信息

  • 表格格式
  • 工作单格式
  • 卡片格式
题名:
2022注册城乡规划师职业资格考试考点解读与历年真题解析
    
 
作者: 张昊 主编
分册:   城乡规划管理与法规
出版信息: 北京   中国电力出版社  2022.05
页数: 450页
开本: 26cm
丛书名:
单 册:
中图分类: TU984.2 , D922.297.1
科图分类:
主题词: 城乡规划--cheng xiang gui hua--中国--资格考试--自学参考资料 , 城乡规划--cheng xiang gui hua--管理--中国--资格考试--自学参考资料 , 城乡规划--cheng xiang gui hua--法规--中国--资格考试--自学参考资料
电子资源:
ISBN: 978-7-5198-6689-1
 
 
 
 
 
000 01237nam0 2200265 450
001 011025152733
005 20221025152733.0
010    @a978-7-5198-6689-1@dCNY89.00
100    @a20201004d2022 em y0chiy0110 ea
101 0  @achi
102    @aCN@b110000
105    @ay z 000yy
106    @ar
200 1  @a2022注册城乡规划师职业资格考试考点解读与历年真题解析@A2022zhu ce cheng xiang gui hua shi zhi ye zi ge kao shi kao dian jie du yu li nian zhen ti jie xi@i城乡规划管理与法规@f张昊主编
210    @a北京@c中国电力出版社@d2022.05
215    @a450页@d26cm
300    @a2022电力版
330    @a本书根据注册城乡规划师考试大纲,脉络化梳理所有考点,并利用大数据手段系统性收录2013-2021年(2015、2016年未考试)的真题。真题按照考点归类,同时根据国务院、自然资源部等颁布的一系列法律法规和标准规范,总结归纳出新考点并配以模考题,力求实现考点和题目全覆盖。
606 0  @a城乡规划@Acheng xiang gui hua@y中国@x资格考试@j自学参考资料
606 0  @a城乡规划@Acheng xiang gui hua@x管理@y中国@x资格考试@j自学参考资料
606 0  @a城乡规划@Acheng xiang gui hua@x法规@y中国@x资格考试@j自学参考资料
690    @aTU984.2@v5
690    @aD922.297.1@v5
701  0 @a张昊@Azhang hao@c(城市规划)@4主编
905    @a河南城建学院图书馆@dTU984.2@eZ1162
    
    2022注册城乡规划师职业资格考试考点解读与历年真题解析.城乡规划管理与法规/张昊主编.-北京:中国电力出版社,2022.05
    450页;26cm
    2022电力版
    
    ISBN 978-7-5198-6689-1:CNY89.00
    本书根据注册城乡规划师考试大纲,脉络化梳理所有考点,并利用大数据手段系统性收录2013-2021年(2015、2016年未考试)的真题。真题按照考点归类,同时根据国务院、自然资源部等颁布的一系列法律法规和标准规范,总结归纳出新考点并配以模考题,力求实现考点和题目全覆盖。
●
相关链接 在E读中查询图书 在当当中查询图书 在豆瓣中查询图书


正题名:2022注册城乡规划师职业资格考试考点解读与     索取号:TU984.2/Z1162         预约/预借

序号 登录号 条形码 馆藏地/架位号 状态 备注
1 1585537   215855377   建筑库201/201建筑库 65排3列3层/ [索取号:TU984.2/Z1162] 在馆    
2 1585553   215855536   建筑库201/201建筑库 65排3列3层/ [索取号:TU984.2/Z1162] 在馆    
河南城建学院图书馆 欢迎您!
大连网信软件有限公司© 版权所有